| 000 | 01086nam a2200385 a 4500 | ||
|---|---|---|---|
| 003 | AR-BaBNM | ||
| 005 | 20251128204736.0 | ||
| 008 | 082120s2002 ||||||||||||||000 | spa|| | ||
| 020 | _a968-16-0296-X | ||
| 040 | _cAR-BaBNM | ||
| 100 | 1 | _aBerger, Morroe | |
| 245 | 0 | 0 |
_aLa novela y las ciencias sociales _bmundos reales e imaginarios |
| 250 | _a1ª ed. | ||
| 260 |
_aMéxico, D.F. _bFondo de Cultura Económica _c1979 |
||
| 300 |
_a485 p. _bil. |
||
| 490 | 0 |
_aBreviarios _vv 280. |
|
| 500 | _aContiene índice analítico p. 473-481 | ||
| 500 | _aReferencias bibliográficas p. 447-472 | ||
| 600 | 1 | 4 | _aFielding, Henry |
| 600 | 1 | 4 | _aMandeville, Bernard |
| 650 | 4 | _aCRITICA LITERARIA | |
| 650 | 4 | _aFILOSOFIA LITERARIA | |
| 650 | 4 | _aHISTORIA LITERARIA | |
| 650 | 4 | _aANALISIS LITERARIO | |
| 650 | 4 | _aSOCIOLOGIA DEL ARTE | |
| 650 | 4 | _aPOSITIVISMO | |
| 650 | 4 | _aREALISMO | |
| 650 | 4 | _aSOCIOLOGIA | |
| 650 | 4 | _aHISTORIA | |
| 653 | _aNATURALISMO | ||
| 655 | _aLITERATURA | ||
| 700 | 1 |
_aGonzález Aramburu, Francisco _etraductor |
|
| 942 | _cBK | ||
| 998 | _cMARTIN | ||
| 999 |
_c8646 _d8646 |
||